000 01481cam a2200241 4500500
005 20251228052323.0
041 _afre
042 _adc
100 1 0 _aVillemin, Laurent
_eauthor
245 0 0 _aPourquoi commémorer Vatican II ?
260 _c2012.
500 _a54
520 _aRésuméEn dégageant, dans une première partie, trois axes de l’herméneutique récente de Vatican II, l’article met en lumière les apports décisifs du concile Vatican II qui peuvent encore éclairer la théologie et, plus largement, la vie chrétienne au début du xxie siècle. Dans une seconde partie, le résumé argumenté de sept points fondamentaux de l’apport conciliaire montre qu’un retour à l’œuvre du concile Vatican II s’avère aujourd’hui toujours fécond : la Bible et la Parole de Dieu ; l’Église et les religions non-chrétiennes ; les autres confessions chrétiennes ; un regard sur l’histoire et l’humanité ; la liberté religieuse ; une Église fondée dans la Trinité (communion et synodalité) ; la liturgie, épiphanie de l’Église.
690 _aBible
690 _aconcile Vatican II
690 _aÉglise
690 _aherméneutique
690 _aœcuménisme
690 _aParole de Dieu
690 _areligions non-chrétiennes
786 0 _nTransversalités | 121 | 1 | 2012-03-01 | p. 115-127 | 1286-9449
856 4 1 _uhttps://shs.cairn.info/revue-transversalites-2012-1-page-115?lang=fr&redirect-ssocas=7080
999 _c1583317
_d1583317